000 01143cab a22002055a 4500
001 L142325
008 080205s2008 xxko f 000 0 eng d
035 _a(Sirsi) u142325
041 0 _aeng
100 1 _aTowler, Andy
245 0 0 _aMaking the grade
260 _c2008
490 _aRICS Business
_vFebruary 2008, 24-25(2)
520 _aDiscusses the challenges involved in restoring listed and heritage buildings. Surveyors working on such buildings usually need to take a differing approach to projects in other sectors, with more emphasis on clear objectives from the outset, obtaining the necessary approvals, and appointing the right type of specialist contractors. Another key problem is generating sufficient funding. Provides various examples of heritage restoration projects and outlines reform plans for heritage protection in England and Wales. Also briefly summarises heritage legislation in Germany and Australia.
590 _aKA
650 2 4 _aHERITAGE PROTECTION BILL 2007
651 4 _aEngland and Wales
_y1543-
690 _aBUILT ENVIRONMENT-BUILDING MAINTENANCE AND REFURBISHMENT-BUILDING CONSERVATION
942 _n0
999 _c79772
_d79772